=LDR 00000nam 2200000 4500 =001 INLIS000000000031607 =005 20130612133653 =008 ***********************************ind** =035 ##$$0010-061300000031607 =041 ##$$a ind =082 ##$$a F Rom K =090 ##$$a F Rom K, Akb, d =100 ##$$a AKBAR, Rasyid =245 ##$$a Dongeng Pengantar Tidur , Gara-Gara Jorok , Rasyid Akbar;Penyunting,Helmi =260 ##$$a 2008 $b Jakarta =300 ##$$a 28 hlm. , Illus. , 21 cm =650 ##$$a FIKSI KANAK-KANAK =700 ##$$a HELMI =850 ##$$a NBPNMAT =990 ##$$a 81948194 =990 ##$$a 01201708194